000 00623nam a2200241 i 4500
001 C2-0216560
003 PPAK
005 20180728105243.0
008 990525s1942 enk |||| ||||| | eng d
040 _aPPAK
_beng
_cPPAK
_erda
082 0 4 _a823
_2 23
090 0 0 _a823
_bCAM
_dKIH
090 0 0 _a823
_bCAM
_dKSA
100 1 _aCamus, Albert,
_eauthor
245 1 4 _aThe outsider
264 1 _aGreat Britain :
_bPenguin Modern Classics ,
_c1942
300 _a119 pages
336 _2rdacontent
_atext
337 _2rdamedia
_aunmediated
338 _2rdacarrier
_avolume
650 1 0 _aEnglish fiction.
942 _ddc
_cB
999 _c160170
_d160170